000
00295nam a22001337a 4500
008
170403b xxu||||| |||| 00| 0 eng d
020
_a
0442172273
041
_a
eng
080
_a
574
100
_a
9
101
_a
SHM
245
_a
ECOLOGY INLAND WATERS AND ESTUARIES
_c
REID.G
942
_2
udc
_c
BK
999
_c
9482
_d
9482